Tools, language and cognition in human evolution
Αποθηκεύτηκε σε:
| Άλλοι συγγραφείς: | , |
|---|---|
| Μορφή: | Βιβλίο |
| Γλώσσα: | English |
| Δημοσίευση: |
Cambridge :
Cambridge University Press,
c1993
|
| Θέματα: | |
| Ετικέτες: |
Προσθήκη ετικέτας
Δεν υπάρχουν, Καταχωρήστε ετικέτα πρώτοι!
|
MARC
| LEADER | 00000nam a2200000 i 4500 | ||
|---|---|---|---|
| 001 | 1/70079 | ||
| 008 | 981119s1993 eng d | ||
| 020 | |a 0-521-48541-X | ||
| 035 | |l 10030539 | ||
| 040 | |a GR-MY-UA |b gre |e aacr | ||
| 041 | 0 | |a eng | |
| 082 | 0 | |a 573.2 | |
| 245 | 1 | 0 | |a Tools, language and cognition in human evolution / |c Edited by Kathleen R. Gibson; Tim Ingold |
| 260 | |a Cambridge : |b Cambridge University Press, |c c1993 | ||
| 300 | |a 483 p. |b fig.; tabl. | ||
| 500 | |a Revised versions of papers from "...an interdisciplinary symposium,'Tools, language, and intelligence: evolutionary implications', held in Cascais, Portugal, March 15-24, 1990" - Pref. | ||
| 504 | |a Includes bibliographical references and index | ||
| 650 | 0 | 0 | |a Human evolution |x Congresses. |
| 650 | 0 | 0 | |a Social evolution |x Congresses. |
| 650 | 0 | 0 | |a Brain |x Evolution |x Congresses. |
| 650 | 0 | 0 | |a Language and culture |x Congresses. |
| 650 | 0 | 0 | |a Cognition and culture |x Congresses. |
| 650 | 0 | 0 | |a Tools |x Social aspects |x Congresses. |
| 650 | 0 | 0 | |a Tool use in animals |x Congresses. |
| 700 | 1 | |a Gibson, Kathleen Rita. |4 edt | |
| 700 | 1 | |a Ingold, Tim |d 1948- |4 edt | |
| 852 | |a INST |b LESVOS |e 19981119 |h 573.2 TOO |p 005100018135 |q 005100018135 |t BK |y 0 | ||
| 901 | |a BIBL-1999-1 | ||
| 909 | |a Λ |b 060214 | ||
| 922 | |a 1ΕΛΗ |b 199810 |c ΚΠΣ/ΤΚΑ |d ΠΑΠΑΣΩΤΗΡΙΟΥ | ||
| 950 | |a 117-1998-07-08 | ||